| 000 | 01294 a2200193 4500 | ||
|---|---|---|---|
| 003 | NUST | ||
| 005 | 20230130135045.0 | ||
| 010 | _a65026511 | ||
| 040 | _cNust | ||
| 082 | _a920,SUK | ||
| 100 |
_aSukarno _9108069 |
||
| 245 |
_aSukarno; an autobiography : _bas told to Cindy Adams / _cSukarno |
||
| 260 |
_aIndianapolis _bKansas City, Bobbs-Merrill _c1965 |
||
| 300 |
_ax, 324 p.; _bports. _c24 cm |
||
| 505 | _aThe Reason For Writing This Book (Page-1), Child Of The Dawn (Page-17), Modjokerto: The Pains Of Youth (Page-22), Surabaya (Page-32), Bendung (Page-51), Marhaenism (Page-61), Bahasa Indonesia (Page-69), The Foundation Of The PNI (Page-78), The Arrest (Page-91), The Release (Page-116), Caged (Page-124), Exile (Page-127), The Escape (Page-148), The Japanese Arrive (Page-156), The Japanese Occupation (Page-167), My First Born (Page-173), What Price Freedom (Page-186), The Beginning Of The End (Page-195), A Meeting In Saigon (Page-200), Kidnapped (Page-210), The Revolution Begins (Page-221), At War With The Dutch (Page-235), Bangka (Page-252), A Period Of Survival (Page-264), A Period Of Development (Page-275)Sukarno Answers Questions (Page-289), Reflections (Page-308). | ||
| 600 |
_aSukarno, _9108069 |
||
| 650 |
_aAutobiography Sukarno _9108070 |
||
| 942 |
_2ddc _cBK _k920,SUK |
||
| 999 |
_c187129 _d187129 |
||